<?xml version="1.0" encoding="UTF-8"?>
<record
    xmlns:xsi="http://www.w3.org/2001/XMLSchema-instance"
    xsi:schemaLocation="http://www.loc.gov/MARC21/slim http://www.loc.gov/standards/marcxml/schema/MARC21slim.xsd"
    xmlns="http://www.loc.gov/MARC21/slim">

  <leader>02143nam a2200409Ii 4500</leader>
  <controlfield tag="001">DIGDYK1214</controlfield>
  <controlfield tag="003">NyNyDIG</controlfield>
  <controlfield tag="007">cr |||||||||||</controlfield>
  <controlfield tag="008">180529s2017    sp      ob    000 0 spa d</controlfield>
  <controlfield tag="006">m     o  d        </controlfield>
  <datafield tag="040" ind1=" " ind2=" ">
    <subfield code="a">DGITA</subfield>
    <subfield code="b">eng</subfield>
    <subfield code="e">rda</subfield>
    <subfield code="e">pn</subfield>
    <subfield code="c">DGITA</subfield>
  </datafield>
  <datafield tag="020" ind1=" " ind2=" ">
    <subfield code="a">9788491483786</subfield>
    <subfield code="q">(eBook ;</subfield>
    <subfield code="q">pdf)</subfield>
  </datafield>
  <datafield tag="020" ind1=" " ind2=" ">
    <subfield code="a">8491483780</subfield>
    <subfield code="q">(eBook ;</subfield>
    <subfield code="q">pdf)</subfield>
  </datafield>
  <datafield tag="035" ind1=" " ind2=" ">
    <subfield code="a">(OCoLC)1038044429</subfield>
  </datafield>
  <datafield tag="043" ind1=" " ind2=" ">
    <subfield code="a">nwpr---</subfield>
  </datafield>
  <datafield tag="050" ind1="1" ind2="4">
    <subfield code="a">HN240.Z9 ebook</subfield>
  </datafield>
  <datafield tag="100" ind1="1" ind2=" ">
    <subfield code="a">Cruz-Mart&#xED;nez, Gibr&#xE1;n,</subfield>
    <subfield code="e">author.</subfield>
  </datafield>
  <datafield tag="245" ind1="1" ind2="0">
    <subfield code="a">Produciendo bienestar :</subfield>
    <subfield code="b">una mirada desde las comunidades marginadas en Puerto Rico /</subfield>
    <subfield code="c">Gibr&#xE1;n Cruz-Mart&#xED;nez.</subfield>
  </datafield>
  <datafield tag="264" ind1=" " ind2="1">
    <subfield code="a">Madrid :</subfield>
    <subfield code="b">Dykinson, S.L.,</subfield>
    <subfield code="c">[2017]</subfield>
  </datafield>
  <datafield tag="300" ind1=" " ind2=" ">
    <subfield code="a">1 online resource.</subfield>
  </datafield>
  <datafield tag="336" ind1=" " ind2=" ">
    <subfield code="a">text</subfield>
    <subfield code="b">txt</subfield>
    <subfield code="2">rdacontent</subfield>
  </datafield>
  <datafield tag="337" ind1=" " ind2=" ">
    <subfield code="a">computer</subfield>
    <subfield code="b">c</subfield>
    <subfield code="2">rdamedia</subfield>
  </datafield>
  <datafield tag="338" ind1=" " ind2=" ">
    <subfield code="a">online resource</subfield>
    <subfield code="b">cr</subfield>
    <subfield code="2">rdacarrier</subfield>
  </datafield>
  <datafield tag="504" ind1=" " ind2=" ">
    <subfield code="a">Includes bibliographical references.</subfield>
  </datafield>
  <datafield tag="505" ind1="0" ind2=" ">
    <subfield code="a">An&#xE1;lisis hist&#xF3;rico del desarrollo del Estado de bienestar emergente en Puerto Rico -- Estado de bienestar colonial : realidad actual -- Relaciones del bienestar y comunidades marginadas -- Proyecto de Comunidades Especiales en Puerto Rico -- Metodolog&#xED;a de la investigaci&#xF3;n -- Sobre el bienestar y calidad de vida -- Relaciones del bienestar y distribuci&#xF3;n de riesgos sociales en las &#xE1;reas de vivienda, maternidad/paternidad, educaci&#xF3;n y alimentos -- Relaciones del bienestar y distribuci&#xF3;n de riesgos sociales en las &#xE1;reas de salud, incapacidad, desempleo y vejez -- Asuntos alternativos como resultado del di&#xE1;logo con los entrevistados.</subfield>
  </datafield>
  <datafield tag="588" ind1="0" ind2=" ">
    <subfield code="a">Online resource; title from PDF title page (Digitalia, viewed May 30, 2018)</subfield>
  </datafield>
  <datafield tag="650" ind1=" " ind2="0">
    <subfield code="a">Marginality, Social</subfield>
    <subfield code="x">Research</subfield>
    <subfield code="z">Puerto Rico.</subfield>
  </datafield>
  <datafield tag="650" ind1=" " ind2="0">
    <subfield code="a">Poverty</subfield>
    <subfield code="z">Puerto Rico</subfield>
    <subfield code="x">Reseach.</subfield>
  </datafield>
  <datafield tag="651" ind1=" " ind2="0">
    <subfield code="a">Puerto Rico</subfield>
    <subfield code="x">Economic policy</subfield>
    <subfield code="x">Research.</subfield>
  </datafield>
  <datafield tag="650" ind1=" " ind2="0">
    <subfield code="a">Community development</subfield>
    <subfield code="x">Research</subfield>
    <subfield code="z">Puerto Rico.</subfield>
  </datafield>
  <datafield tag="655" ind1=" " ind2="0">
    <subfield code="a">Electronic books.</subfield>
  </datafield>
  <datafield tag="791" ind1="2" ind2=" ">
    <subfield code="a">Digitalia (Firm),</subfield>
    <subfield code="e">distributor.</subfield>
  </datafield>
  <datafield tag="793" ind1="0" ind2=" ">
    <subfield code="g">Digitalia eBook Collection:</subfield>
    <subfield code="a">Dykinson Editorial</subfield>
  </datafield>
  <datafield tag="856" ind1="4" ind2="0">
    <subfield code="3">Digitalia Hisp&#xE1;nica</subfield>
    <subfield code="u">https://www.digitaliapublishing.com/a/50726/</subfield>
  </datafield>
  <datafield tag="910" ind1=" " ind2=" ">
    <subfield code="a">Premium Collection: 2018</subfield>
  </datafield>
  <datafield tag="942" ind1=" " ind2=" ">
    <subfield code="c">RAA</subfield>
  </datafield>
  <datafield tag="952" ind1=" " ind2=" ">
    <subfield code="0">0</subfield>
    <subfield code="1">0</subfield>
    <subfield code="4">0</subfield>
    <subfield code="7">0</subfield>
    <subfield code="8">DEH</subfield>
    <subfield code="a">BD-UIN</subfield>
    <subfield code="b">BD-UIN</subfield>
    <subfield code="d">2025-04-25</subfield>
    <subfield code="l">0</subfield>
    <subfield code="r">2025-04-25</subfield>
    <subfield code="w">2025-04-25</subfield>
    <subfield code="y">RAA</subfield>
  </datafield>
  <datafield tag="999" ind1=" " ind2=" ">
    <subfield code="c">251932</subfield>
    <subfield code="d">251932</subfield>
  </datafield>
</record>
